000
00284nam a2200109Ia 4500
008
201216s9999 xx 000 0 und d
100
_a
Robbins, Stephen P.
245
0
_a
Management Concepts & Practices
260
_a
Egngle Wood Cliffs. USA
_b
Prenrice Hall
300
_a
375
942
_c
BK
999
_c
6518
_d
6518